Missing Word: Physics Misconceptions Quiz Stats

 Plays Quiz Updated May 25, 2019

Score 0/20 Timer 08:00
0 Plays Today
Misconception Missing Word % Correct
There is no gravity in outer _____.space
96.8%
Dropping a penny from the Empire _____ Building will kill someone on the ground.State
96.7%
_______ objects fall faster than lighter ones.Heavier
96.3%
Lightning never strikes the same place _____.twice
96.2%
Anything moving will naturally come to a ____.stop
95.9%
Planets move around the sun in the shape of a perfect ______.circle
95.4%
Light-year is a measurement of ____.time
95%
The ___ is a yellow ball of gas.Sun
94.4%
Velocity is the same as _____.speed
94.3%
Electrons are particles that orbit around the nucleus of an ____.atom
93.2%
Misconception Missing Word % Correct
Energy can be gained and ____.lost
93%
Air takes the same amount of time to travel above and below an airplane's ____.wing
91.6%
Gravity pushes planets along their ______.orbits
88.7%
All metals are attracted to _______.magnets
88.5%
Dark ______ is interchangeable with dark energy.matter
88.3%
_______ is a force that pulls two bodies of mass together.Gravity
86.4%
An object's weight makes it harder to ____.push
82.7%
Visible _____, x-rays, microwaves, and gamma rays are different things.light
76.5%
______ cannot be converted into mass and vice versa.Energy
74.8%
____, which is energy in transit, only travels upwards.Heat
45.3%

Today's Daily Dose

Missing Word
Celine Dion

Word Ladder
Dr. Seuss Books

Quick Pick
Cities in India

Get the Picture
'A' Actresses

You're not logged in!

Compare scores with friends on all Sporcle quizzes.
OR
Log In

Sporcle TV

Today on Sporcle TV


Watch our educational content, quiz creation guides, and fun videos on Sporcle TV.

Show Comments

Extras

Top Quizzes Today


Score Distribution

Your Account Isn't Verified!

In order to create a playlist on Sporcle, you need to verify the email address you used during registration. Go to your Sporcle Settings to finish the process.

Report this User

Report this user for behavior that violates our Community Guidelines.

Details: